Dividing the waters ; a century of controversy between the United States and Mexico.

Bibliographic Details
Main Author: Hundley, Norris, Jr
Format: Book
Language:English
Published: Berkeley : University of California Press, 1966.
Subjects:

MARC

Tag First Indicator Second Indicator Subfields
LEADER 00000cam a22000001 4500
001 in00000065704
005 20151008050729.0
008 711013s1966 cauab b 00000 eng
010 |a  66018468  
035 |a (OCoLC)01175614 
035 |9 AAG2951AM 
040 |a DLC  |c DLC  |d TXA  |d UtOrBLW 
043 |a n-us---  |a n-mx--- 
049 |a TXAM  |c [454348] 
050 0 0 |a HD1694  |b .A3 1966 
082 0 |a 333.91009791 
092 |a 333.91  |b H933d 
100 1 |a Hundley, Norris,  |c Jr. 
245 1 0 |a Dividing the waters ;  |b a century of controversy between the United States and Mexico. 
264 1 |a Berkeley :  |b University of California Press,  |c 1966. 
300 |a xii, 266 pages :  |b illustrations, maps. ;  |c 23 cm. 
336 |a text  |b txt  |2 rdacontent 
337 |a unmediated  |b n  |2 rdamedia 
338 |a volume  |b nc  |2 rdacarrier 
504 |a Bibliography: pages 222-254. 
610 2 0 |a International Boundary & Water Commission, United States & Mexico. 
651 0 |a Colorado River (Colo.-Mexico)  |x Water rights. 
651 0 |a Tia Juana River  |x Water rights. 
651 0 |a Rio Grande (Colo.-Mexico and Tex.)  |x Water rights. 
999 |a MARS 
999 f f |s 6fdf0146-cef6-3eec-815c-fdcd9dfcfeed  |i d50bf76e-5217-37c9-92e9-efc1de90d095  |t 0 
952 f f |p ric  |a Texas A&M University  |b Rellis Campus  |c Joint Library Facility  |d Remote Storage  |t 0  |e HD1694 .A3 1966  |h Library of Congress classification  |i unmediated -- volume  |m A14800741653 
998 f f |a HD1694 .A3 1966  |t 0  |l Remote Storage